000 00681nam a2200265Ia 4500
003 OSt
005 20221006142511.0
006 a|||||r|||| 00| 0
007 ta
008 221006b |||||||| |||| 00| 0 eng d
020 _c
_4.95
024 _a6,484
037 _cTextual
040 _aEASL
_cEASL
_beng
041 _2eng
_aeng
082 _aY.41.N6, K71
100 _aEVANS Humphrey
_9102778
245 0 _aAdventure of Li Chi
_b A modern Chinese legend
260 _aNew York
_bE.P. Dutton & Co.
_c1967
300 _a222p.
_ccm.
490 _v CEL
650 _aCEL
942 _hY.41.N6, K71
_cTEXL
_2CC
999 _c1074570
_d1074570